00721 a2200169 45000010006000000050017000060080041000230030015000640400040000790800038001192450039001572500012001962640029002083000019002375050267002561000028005233303920260407155625.0260407a1967 arg spa dAR-UNSa-BCEJYS aAR-UNSa-BCEJYSbspacAR-UNSa-BCEJYS a323.37xFuncionarios (burocracia)10aLa ley de Parkinsonpotros ensayos a8a. ed. 1aBarcelona :bArielc1967 a158 p.c23 cm. a1. La ley de parkinson - 2. La voluntad del pueblo - 3. Altas finanzas - 4. Directores y consejeros - 5. La lista restingida - 6. Plantas y realizaciones - 7. Criba de personalidades - 8. La incelositis - 9. Del bohío al packard - 10. El quid de la cesantía.1 aParkinson, C. Northcote